| 000 | 00787nam a2200241 a 4500 | ||
|---|---|---|---|
| 001 | 000024971 | ||
| 005 | 20200930023500.0 | ||
| 008 | 110208s1976 sp ac r 000 0 spa d | ||
| 020 | _a8423953173 | ||
| 040 |
_aDO-SdBNP _bspa _cBNPHU |
||
| 082 |
_aNNN _bB292P, 1976 |
||
| 100 | 1 |
_aMari, Pierrette _945911 |
|
| 245 | 1 | 0 |
_aBartók / _cPierrette Mari ; traducción del francés por Felipe Ximénez de Sandoval. |
| 250 | _a2a ed. | ||
| 260 |
_aMadrid : _bEspasa-Calpe, _c1976. |
||
| 300 |
_a127, [1] p. : _bil., retrs. ; _c18 cm. |
||
| 490 | 1 | _aClásicos de la música | |
| 504 | _aIncluye bibliografía (p. [128]) | ||
| 500 | _aIncluye notas al pie de las páginas | ||
| 700 | 1 |
_aXiménez de Sandoval, Felipe _etr. _919335 |
|
| 830 | 0 |
_aClásicos de la música _933880 |
|
| 049 | _aBNGR | ||
| 999 |
_c24464 _d24464 |
||